El error en el derecho penal /
Guardado en:
| Autor Principal: | |
|---|---|
| Otros Autores: | |
| Formato: | Desconocido |
| Idioma: | Spanish |
| Publicado: |
Santa Fe :
Rubinzal Culzoni,
2003.
|
| Edición: | 1a. ed. |
| Series: | Colección autores de derecho penal
|
| Materias: | |
| Etiquetas: |
Agregar Etiqueta
Sin Etiquetas, Sea el primero en etiquetar este registro!
|
| LEADER | 00585nac a22001815a 4500 | ||
|---|---|---|---|
| 001 | DER.der001534 | ||
| 008 | 180615s2003####ag#||||||||||||||#||spa|| | ||
| 005 | 20250716170031.0 | ||
| 245 | 1 | 0 | |a El error en el derecho penal / |c Francisco Muñoz Conde ; prólogo de Edgardo A. Donna. |
| 250 | |a 1a. ed. | ||
| 260 | |a Santa Fe : |b Rubinzal Culzoni, |c 2003. | ||
| 300 | |a 139 p. | ||
| 490 | 1 | |a Colección autores de derecho penal | |
| 020 | |a 9507275029 | ||
| 100 | 1 | |a Muñoz Conde, Francisco | |
| 700 | 1 | |a Donna, Edgardo A., |e prol. | |
| 650 | 7 | |a DERECHO PENAL | |
| 859 | |a DERECHO |b BIB. DERECHO |h 345 |i MUÑ |p 003038 | ||
